Atatürk ile ilgili herşeyi öğreniyorum/ (Record no. 20643)

MARC details
000 -BAŞLIK
Sabit Uzunluktaki Kontrol Alanı 00553nam a22001697a 4500
003 - KONTROL NUMARASI KİMLİĞİ
Kontrol Alanı koha_MIRAKIL
005 - EN SON İŞLEM TARİHİ ve ZAMANI
Kontrol Alanı 20241009111733.0
008 - SABİT UZUNLUKTAKİ VERİ ÖGELERİ - GENEL BİLGİ
Sabit Alan 231213b |||||||| |||| 00| 0 ||| d
040 ## - KATALOGLAMA KAYNAĞI
Özgün Kataloglama Kurumu TR-IsEVY
Kataloglama Dili tur
Çeviri Kurumu TR-IsEVY
082 ## - DEWEY ONU SINIFLAMA SİSTEMİ
Sınıflama Numarası 92ATA SİV/A
100 ## - KİŞİ ADI
Yazar Adı (Kişi adı) Sivaslıoğlu, Aziz
245 #0 - ESER ADI BİLDİRİMİ
Başlık Atatürk ile ilgili herşeyi öğreniyorum/
Sorumluluk Bildirimi Aziz Sivaslıoğlu ; resimleyen İlknur Ercan Koldaş.
260 ## - YAYIN, DAĞITIM, VB.
Yayınevi Anıtkabir Derneği,
300 ## - FİZİKSEL TANIMLAMA
Sayfa, Cilt vb. 16 s. :
Diğer fiziki detaylar renkli resimli ;
Boyutları 21 cm.
650 ## - KONU BAŞLIĞI EK GİRİŞ - KONU TERİMİ
Konusal terim veya coğrafi ad Mustafa Kemal Atatürk.
Alt başlık biçimi Atatürk Hayatı.
942 ## - EK GİRİŞ ÖGELERİ (KOHA)
Source of classification or shelving scheme Dewey Decimal Classification
Koha item type Kitap
Holdings
Kayıp Durumu Sınıflandırma Kaynağı Hasarlı Durumu Koleksiyon Kodu Kalıcı Konum Mevcut Konum Kayıt Tarih Edinim Kaynağı Toplam Ödünçverme Yer Numarası Demirbaş Numarası Son Görülme Tarihi Son Kontrol Tarihi Fatura Tarihi Materyal Türü
  Dewey Decimal Classification   İlkokul İLKOKUL KÜTÜPHANESİ İLKOKUL KÜTÜPHANESİ 09/10/2024 Satınalma 1 92ATA SİV/A 21722 30/12/2024 20/11/2024 09/10/2024 Kitap